<?xml version="1.0" encoding="UTF-8"?>
<record
    xmlns:xsi="http://www.w3.org/2001/XMLSchema-instance"
    xsi:schemaLocation="http://www.loc.gov/MARC21/slim http://www.loc.gov/standards/marcxml/schema/MARC21slim.xsd"
    xmlns="http://www.loc.gov/MARC21/slim">

  <leader>00894nam a2200265  04500</leader>
  <controlfield tag="001">45304</controlfield>
  <datafield tag="010" ind1=" " ind2=" ">
    <subfield code="a">9789723109221</subfield>
  </datafield>
  <datafield tag="021" ind1=" " ind2=" ">
    <subfield code="b">392087/15</subfield>
  </datafield>
  <datafield tag="090" ind1=" " ind2=" ">
    <subfield code="a">45304</subfield>
  </datafield>
  <datafield tag="100" ind1=" " ind2=" ">
    <subfield code="a">20160115d2015    k  y0pory50030103ba</subfield>
  </datafield>
  <datafield tag="101" ind1="1" ind2=" ">
    <subfield code="a">por</subfield>
  </datafield>
  <datafield tag="102" ind1=" " ind2=" ">
    <subfield code="a">PT</subfield>
  </datafield>
  <datafield tag="200" ind1="1" ind2=" ">
    <subfield code="a">Princ&#xED;pios de economia pol&#xED;tica e de tributac&#xE3;o</subfield>
    <subfield code="f">David Ricardo</subfield>
    <subfield code="g">trad. Maria Adelaide Ferreira</subfield>
  </datafield>
  <datafield tag="205" ind1=" " ind2=" ">
    <subfield code="a">4.&#xAA; ed</subfield>
  </datafield>
  <datafield tag="210" ind1=" " ind2="9">
    <subfield code="a">Lisboa</subfield>
    <subfield code="c">Fundac&#xE3;o Calouste Gulbenkian,</subfield>
    <subfield code="d">2001</subfield>
  </datafield>
  <datafield tag="215" ind1=" " ind2=" ">
    <subfield code="a">512, [3] p., [1] f. il.</subfield>
    <subfield code="c">il.</subfield>
    <subfield code="d">22 cm</subfield>
  </datafield>
  <datafield tag="225" ind1="2" ind2=" ">
    <subfield code="a">Textos cl&#xE1;ssicos</subfield>
  </datafield>
  <datafield tag="225" ind1="2" ind2=" ">
    <subfield code="a">Textos cl&#xE1;ssicos</subfield>
  </datafield>
  <datafield tag="304" ind1=" " ind2=" ">
    <subfield code="a">T&#xED;t. orig.: The principles of political economy and taxation</subfield>
  </datafield>
  <datafield tag="675" ind1=" " ind2=" ">
    <subfield code="a">330</subfield>
    <subfield code="v">BN</subfield>
    <subfield code="z">por</subfield>
  </datafield>
  <datafield tag="700" ind1=" " ind2="1">
    <subfield code="a">Ricardo,</subfield>
    <subfield code="b">David,</subfield>
    <subfield code="f">1772-1823</subfield>
  </datafield>
  <datafield tag="702" ind1=" " ind2="1">
    <subfield code="a">Ferreira,</subfield>
    <subfield code="b">Maria Adelaide,</subfield>
    <subfield code="f">1941-</subfield>
    <subfield code="4">730</subfield>
  </datafield>
  <datafield tag="801" ind1=" " ind2="0">
    <subfield code="a">PT</subfield>
    <subfield code="b">BN</subfield>
    <subfield code="g">RPC</subfield>
  </datafield>
  <datafield tag="856" ind1="4" ind2="1">
    <subfield code="u">http://rnod.bnportugal.gov.pt/ImagesBN/winlibimg.aspx?skey=&amp;doc=1919827&amp;img=71075&amp;save=true</subfield>
  </datafield>
  <datafield tag="990" ind1=" " ind2=" ">
    <subfield code="c">MON</subfield>
  </datafield>
  <datafield tag="995" ind1=" " ind2=" ">
    <subfield code="1">0</subfield>
    <subfield code="9">75964</subfield>
    <subfield code="b">BMR</subfield>
    <subfield code="c">BMR</subfield>
    <subfield code="f">056038</subfield>
    <subfield code="k">330 RIC</subfield>
    <subfield code="o">0</subfield>
    <subfield code="r">LIVROS</subfield>
  </datafield>
</record>
